LEADER 01256nam0-22003371i-450- 001 990000541730403321 005 20001010 035 $a000054173 035 $aFED01000054173 035 $a(Aleph)000054173FED01 035 $a000054173 100 $a20001010d--------km-y0itay50------ba 101 0 $aita 105 $ay-------001yy 200 1 $aProceedings of the 12th International Ship and Offshore Structures Congress. September 12-16 1994. St.John's - Canada$fN. E.Jeffrey , A. M. Kendrick (eds.)$g[ ISSC ] 210 $aSt. John's (CA)$cISSC$d1994 215 $a3 v.$d21 cm 300 $aVol.1 contains the design of committee reports. Vol.2 contains the technical specialist reports. Vol. 3. including the discussions of the reports, the chairmen's replies, the text of the invited lecture. 676 $a629.12 702 1$aJeffrey,$bN. E. 702 1$aKendrick,$bA. M. 710 02$aISSC$0340903 712 02$aISSC 801 0$aIT$bUNINA$gRICA$2UNIMARC 901 $aBK 912 $a990000541730403321 952 $a000054173000001$fDININ 959 $aDININ 996 $aProceedings of the 12th International Ship and Offshore Structures Congress. September 12-16 1994. St.John's - Canada$9329324 997 $aUNINA DB $aING01 LEADER 01602oas 2200421 a 450 001 9910692160603321 005 20031203153927.0 035 $a(CKB)5470000002351827 035 $a(OCoLC)53826524 035 9 $aocm53826524 035 $a(OCoLC)995470000002351827 035 $a(EXLCZ)995470000002351827 100 $a20031203a19999999 ua 101 0 $aeng 135 $aurmnu||||| 181 $ctxt$2rdacontent 182 $cc$2rdamedia 183 $acr$2rdacarrier 200 10$aEgg & poultry national weekly review$b[electronic resource] /$fU.S. Dept. of Agriculture, Agricultural Marketing Service, Poultry Programs, Market News Branch 210 $a[Washington, D.C.] $c[Poultry Programs, Market News Branch] 300 $aDescription based on: Vol. 45, no. 01 (Jan. 07, 1999); title from title screen (viewed on Dec. 3, 2003). 517 $aEgg & poultry national weekly review 606 $aEggs$xPrices$zUnited States$vStatistics$vPeriodicals 606 $aEggs$xProduction$zUnited States$vStatistics$vPeriodicals 606 $aPoultry$xPrices$vStatistics$vPeriodicals 606 $aPoultry industry$zUnited States$vStatistics$vPeriodicals 608 $aStatistics.$2lcgft 615 0$aEggs$xPrices 615 0$aEggs$xProduction 615 0$aPoultry$xPrices 615 0$aPoultry industry 712 02$aUnited States.$bAgricultural Marketing Service.$bPoultry Programs.$bMarket News Branch. 801 0$bGPO 801 1$bGPO 906 $aDOCUMENT 912 $a9910692160603321 996 $aEgg & poultry national weekly review$93433973 997 $aUNINA